| 000 | 00783nam a2200229Ii 4500 | ||
|---|---|---|---|
| 003 | JO-AjNU | ||
| 008 | 230605s9999||||xx |||||||||||||| ||und|| | ||
| 017 | _a2008/10/3474 | ||
| 020 | _a978-9957-463-77-9 | ||
| 040 |
_aJO-AjNU _bara _erda _cJO-AjNU |
||
| 041 | _aara | ||
| 050 | 1 | 4 | _aPJ7505 2009 |
| 100 | 3 |
_aتأليف البلاصي، أحمد يوسف ؛ يوسف ذياب شلبي, _eauthor _911868 |
|
| 245 | 0 | 0 | _aدراسات في اللغة العربية وآدابها |
| 250 | _aط1 | ||
| 264 | 3 | 1 | _aعمان: دار كنوز المعرفة، 2009 |
| 300 | _a258ص | ||
| 336 |
_atext _btxt _2rdacontent |
||
| 337 |
_aunmediated _bn _2rdamedia |
||
| 338 |
_avolume _bnc _2rdacarrier |
||
| 650 | 4 |
_aالأدب العربي - اللغة العربية - دراسات _911869 |
|
| 999 |
_aA2546 _c6114 _d6114 |
||